000 00625cam a22001691 4500
001 000019883
005 20200929170157.0
008 750805s1967 sp 000 0 spa d
040 _aDO-SdBNP
_bspa
_cBNPHU
082 _axxx
_bM779v
100 1 _aMontesinos, Rafael,
_d1920-
_925023
245 1 3 _aLa verdad y otras dudas, :
_bcon una seleccion de su obra poetica, 1944-1966 /
_cRafael Montesinos.
260 _aMadrid :
_bEdiciones Cultura Hispanica,
_c1967.
300 _a227 p. ;
_c21 cm.
490 1 _aLa Encina y el mar: poesía de España y America,
_v36
830 0 _aLa Encina y el mar: poesía de España y America,
_939946
999 _c19396
_d19396